| 000 | 01061nam a22002417a 4500 | ||
|---|---|---|---|
| 003 | OSt | ||
| 005 | 20250408092904.0 | ||
| 008 | 240911b ||||| |||| 00| 0 eng d | ||
| 040 | _c0 | ||
| 082 | _aDPer 621.317 Ie21 December 2022 v.37 n. 12 part 1&2. | ||
| 100 |
_aYan, Hao _eauthor. _960752 |
||
| 245 |
_aThree-phase current reconstruction for pmsm drive with modified twelve sector space vector pulse width modulation / _cHao Yan, Jiacheng Yang, and Fangui Zeng. |
||
| 260 |
_aNew York ; _bThe Institute of Electrical and Electronics Engineers, Inc., _cDecember 2022. |
||
| 300 |
_avolume 37, pages 15209-15220, _billustration. |
||
| 500 | _aIEEE Transactions on Power Electronics, v. 37 n. 12, pages 15209-15220, December 2022. | ||
| 650 | 0 |
_aphase current reconstruction. _966224 |
|
| 650 | 0 |
_aspace vector pulsewidth modulation (SVPWM). _966225 |
|
| 650 | 0 |
_avoltage source inverter (VSI). _966226 |
|
| 700 |
_aYan, Hao _eauthor. _960752 |
||
| 700 |
_aYang, Jiacheng. _eauthor. _960753 |
||
| 700 |
_aZeng, Fangui. _eauthor. _960754 |
||
| 942 |
_2ddc _cPER |
||
| 999 |
_c21518 _d21518 |
||